Detalles MARC
| 000 -LEADER |
| fixed length control field |
03631nam a2200409Ii 4500 |
| 001 - CONTROL NUMBER |
| control field |
DIGBIN00516 |
| 003 - CONTROL NUMBER IDENTIFIER |
| control field |
NyNyDIG |
| 006 - FIXED-LENGTH DATA ELEMENTS--ADDITIONAL MATERIAL CHARACTERISTICS |
| fixed length control field |
m d |
| 007 - PHYSICAL DESCRIPTION FIXED FIELD--GENERAL INFORMATION |
| fixed length control field |
cr ||||||||||| |
| 008 - FIXED-LENGTH DATA ELEMENTS--GENERAL INFORMATION |
| fixed length control field |
100625s2009 sp ob 000 0 spa d |
| 020 ## - INTERNATIONAL STANDARD BOOK NUMBER |
| Canceled/invalid ISBN |
8497429257 |
| 020 ## - INTERNATIONAL STANDARD BOOK NUMBER |
| Canceled/invalid ISBN |
9788497429252 |
| 035 ## - SYSTEM CONTROL NUMBER |
| System control number |
(OCoLC)770006511 |
| 040 ## - CATALOGING SOURCE |
| Original cataloging agency |
DGITA |
| Language of cataloging |
eng |
| Description conventions |
pn |
| Transcribing agency |
DGITA |
| 043 ## - GEOGRAPHIC AREA CODE |
| Geographic area code |
e-sp--- |
| 050 04 - LIBRARY OF CONGRESS CALL NUMBER |
| Classification number |
LB1715 eBook |
| 245 00 - TITLE STATEMENT |
| Title |
Profesión y vocación docente : |
| Remainder of title |
presente y futuro / |
| Statement of responsibility, etc. |
Manuel de Puelles Benítez (coord.); prólogo de Carlos López Cortiñas. |
| 264 #1 - PRODUCTION, PUBLICATION, DISTRIBUTION, MANUFACTURE, AND COPYRIGHT NOTICE |
| Place of production, publication, distribution, manufacture |
Madrid : |
| Name of producer, publisher, distributor, manufacturer |
Biblioteca Nueva : |
| -- |
Escuela Julian Besteiros, |
| Date of production, publication, distribution, manufacture, or copyright notice |
2009. |
| 300 ## - PHYSICAL DESCRIPTION |
| Extent |
1 online resource (261 pages) : |
| Other physical details |
illustrations. |
| 336 ## - CONTENT TYPE |
| Content type term |
text |
| Content type code |
txt |
| Source |
rdacontent |
| 337 ## - MEDIA TYPE |
| Media type term |
computer |
| Media type code |
c |
| Source |
rdamedia |
| 338 ## - CARRIER TYPE |
| Carrier type term |
online resource |
| Carrier type code |
cr |
| Source |
rdacarrier |
| 490 1# - SERIES STATEMENT |
| Series statement |
Biblioteca de la nueva educación ; |
| Volume/sequential designation |
16 |
| 500 ## - GENERAL NOTE |
| General note |
Desde su fundación en noviembre de 1999 el Colectivo Lorenzo Luzuriaga organiza seminarios que sirven para abrir espacios de reflexión y de debate sobre distintos temas del mundo educativo y para contribuir con sus propuestas a la mejora de la educación en nuestro país. En esta ocasión el tema elegido para el séptimo seminario ha sido "El profesorado, presente y futuro". (pages 9). |
| 505 0# - FORMATTED CONTENTS NOTE |
| Formatted contents note |
1. Prólogo / Carlos López Cortiñas -- 2. Presentación / Manuel de Puelles Benítez -- 3. La formación del profesorado en la Segunda República: una revisión/reflexión desde el presente / Antonio Viñao -- 4. La formación del profesorado: una respuesta adecuada a los nuevos tiempos / Antonio Moreno González -- 5. Rescatar el valor del conocimiento, dar un nuevo sentido a la profesionalidad docente / Sara Morgenstern -- 6. Formación en los centros y comunidades docentes de aprendizaje: teoría y práctica / Juan Manuel Escudero -- 7. La profesión docente en España: reflexiones y sugerencias / Mariano Fernández Enguita -- 8. Políticas de formación inicial y continua (maestros y secundaria). Crítica y propuestas / José M. Esteve Zarazaga -- 9. La función docente en la era de la información. Aprender a enseñar para enseñar a aprender en la sociedad de la información / Ángel I. Pérez Gómez -- 10. La función indispensable de las emociones en la formación personal y en la educación / Pere Darder -- 11. La profesión docente en la Unión Europea: tipologías, modelos, políticas / Inmaculada Egido Gálvez -- 12. I. Mesa redonda sobre La imagen del profesorado en nuestra sociedad. Intervienen Julián Moreira (profesor), Adrián Martínez Pacín (alumno) y Maite Alzola (madre) -- 13. II. Mesa redonda con intervención de Luis Horrillo Sánchez (profesor) sobre ¿Educación pública o privada?, Juana Nieda (inspectora) sobre Los problemas de los profesores y los problemas con los profesores, y Alfredo Liébana Collado (profesor) sobre Papel de las Comunidades Autónomas en la construcción de un sistema nacional de educación o en su deconstrucción (Anexo: los cuerpos de profesorado en el Estado autonómico) -- 14. Conclusiones del Colectivo Lorenzo Luzuriaga. |
| 504 ## - BIBLIOGRAPHY, ETC. NOTE |
| Bibliography, etc. note |
Includes bibliographical references. |
| 650 #0 - SUBJECT ADDED ENTRY--TOPICAL TERM |
| Topical term or geographic name entry element |
Teachers |
| General subdivision |
Training of |
| Geographic subdivision |
Spain |
| 655 #0 - INDEX TERM--GENRE/FORM |
| Genre/form data or focus term |
Electronic books. |
| 700 1# - ADDED ENTRY--PERSONAL NAME |
| Personal name |
López Cortiñas, Carlos. |
| 700 1# - ADDED ENTRY--PERSONAL NAME |
| Personal name |
Puelles Benítez, Manuel de. |
| 791 2# - |
| -- |
Digitalia (Firm), |
| -- |
distributor. |
| 793 0# - |
| -- |
Digitalia eBook Collection: |
| -- |
Biblioteca Nueva |
| 830 #0 - SERIES ADDED ENTRY--UNIFORM TITLE |
| Uniform title |
Biblioteca de la nueva educación ; |
| Volume/sequential designation |
16. |
| 856 40 - ELECTRONIC LOCATION AND ACCESS |
| Materials specified |
Digitalia Hispánica |
| Uniform Resource Identifier |
<a href="https://www.digitaliapublishing.com/a/84/">https://www.digitaliapublishing.com/a/84/</a> |
| 910 ## - USER-OPTION DATA (OCLC) |
| User-option data |
Premium Collection: 2007-2012 |
| 942 ## - ADDED ENTRY ELEMENTS (KOHA) |
| Koha item type |
Recurso Electrónico |